| 000 | 00000nam##2200000za#4500 |
| 001 | 9.682316 |
| 003 | CaOODSP |
| 005 | 20210615132838 |
| 007 | tb |
| 008 | 150407|2002||||xxc|||||d f|0| 0 fre|d |
| 040 | |aCaOODSP|bfre |
| 043 | |an-cn--- |
| 086 | 1 |aRH34-5/2002F-LP |
| 110 | 1 |aCanada.|bDéveloppement des ressources humaines Canada. |bDirection générale des communications. |
| 245 | 10|aTu cherches un emploi? / |cPréparé par la Direction de la jeunesse, Direction générale des communications. |
| 260 | |aOttawa - Ontario : |bDéveloppement des ressources humaines Canada. |c[2003?]. |
| 300 | |a148p. : |bindex ; |c28 cm. |
| 500 | |aLe n° de catalogue (MP43-195/2002F) et ISBN (0-662-87551-6) assignés à la version papier régulière sont imprimés sur la version à caractères gras. |
| 520 | 3 |aQue tu sois à la recherche de ton premier emploi, un étudiant en recherche d’emploi ou quelqu’un qui cherche à changer de travail, Tu cherches un emploi? peut t’aider dans ta recherche d’emploi ou pour planifier ton cheminement de carrière. |
| 563 | |aReliure à spirale |
| 590 | |a03-48|b2003-11-28 |
| 691 | 07|aOrientation professionnelle|2gcpds |
| 691 | 07|aJeune adulte|2gcpds |
| 691 | 07|aEmploi|2gcpds |
| 775 | 08|tLooking for a job? |w(CaOODSP)9.649076 |
| 776 | 0#|tLe savoir, clé de notre avenir : |w(CaOODSP)9.631203 |
| 776 | 0#|tTu cherches un emploi? |w(CaOODSP)9.681884 |
| 776 | 0#|tTu cherches un emploi? |w(CaOODSP)9.682256 |
| 776 | 0#|tTu cherches un emploi? |w(CaOODSP)9.682317 |
| 986 | |aY-4290-08-02F |